| 000 | 00581nam a2200181Ia 4500 | ||
|---|---|---|---|
| 008 | 100920s9999 xx 000 0 und d | ||
| 082 |
_b95768 _a891.43 0 |
||
| 100 | _aचेेेस जेम्स हॅडली. | ||
| 245 | _aकत्ल दर कत्ल. | ||
| 260 |
_bइंडिया पॉकेट बुक्स,मेरठ. _c0 |
||
| 300 |
_a224 _bसाधी |
||
| 365 | _b20 | ||
| 520 | _aहिंदी. | ||
| 630 | _aकत्ल दर कत्ल. | ||
| 650 | _aहिंदी. | ||
| 730 | _aकत्ल दर कत्ल. | ||
| 942 | _cBOOK | ||
| 999 |
_c736208 _d736205 |
||